000 00711pam a2200253 a 4500
001 3312933
003 OSt
005 20211009105058.0
008 840130s1984 nyua 001 0 eng
010 _a 84000856
020 _a0070217076
040 _aDLC
_cHU
_dDLC
050 0 0 _aQC523
_b.F75 1984
082 0 0 _a537
_219
100 1 _aFowler, Richard J.
_911859
245 1 0 _aElectricity :
_bprinciples and applications /
_cRichard J. Fowler.
250 _a2nd ed.
260 _aNew York :
_bMcGraw-Hill,
_cc1984.
300 _axi, 336 p. :
_bill. ;
_c29 cm.
500 _aIncludes index.
650 0 _aElectricity.
_911860
906 _a7
_bcbc
_corignew
_d1
_eocip
_f19
_gy-gencatlg
942 _2ddc
_cBOOKS
_n0
999 _c11029
_d11029